David Goldblatt : (Record no. 128698)

MARC details
000 -LEADER
fixed length control field 01123cam a2200301 a 4500
008 - FIXED-LENGTH DATA ELEMENTS--GENERAL INFORMATION
fixed length control field
020 ## - INTERNATIONAL STANDARD BOOK NUMBER
International Standard Book Number 3791332473
Terms of availability (hbk.)
049 ## - LOCAL HOLDINGS (OCLC)
Holding library MAIN
090 ## - LOCALLY ASSIGNED LC-TYPE CALL NUMBER (OCLC); LOCAL CALL NUMBER (RLIN)
Classification number (OCLC) (R) ; Classification number, CALL (RLIN) (NR) REF TR820.5
Local cutter number (OCLC) ; Book number/undivided call number, CALL (RLIN) GOL
003 - CONTROL NUMBER IDENTIFIER
control field
005 - DATE AND TIME OF LATEST TRANSACTION
control field 20230123122142.0
040 ## - CATALOGING SOURCE
Transcribing agency NUST
100 1# - MAIN ENTRY--PERSONAL NAME
Personal name Goldblatt, David.
245 10 - TITLE STATEMENT
Title David Goldblatt :
Remainder of title South African intersections /
Statement of responsibility, etc. with an interview by Mark Haworth-Booth and essays by Christoph Danelzik-Brüggemann and Michael Stevenson.
246 18 - VARYING FORM OF TITLE
Title proper/short title Intersections.
246 30 - VARYING FORM OF TITLE
Title proper/short title South African intersections.
260 ## - PUBLICATION, DISTRIBUTION, ETC.
Place of publication, distribution, etc. Munich :
Name of publisher, distributor, etc. Prestel,
Date of publication, distribution, etc. c2005.
300 ## - PHYSICAL DESCRIPTION
Extent 123 p. :
Other physical details col. ill. ;
Dimensions 30 x 35 cm.
600 10 - SUBJECT ADDED ENTRY--PERSONAL NAME
Personal name Goldblatt, David.
650 #0 - SUBJECT ADDED ENTRY--TOPICAL TERM
Topical term or geographic name entry element Documentary photography
Geographic subdivision South Africa
-- Johannesburg.
650 #0 - SUBJECT ADDED ENTRY--TOPICAL TERM
Topical term or geographic name entry element Photojournalism
Geographic subdivision South Africa
-- Johannesburg.
650 #0 - SUBJECT ADDED ENTRY--TOPICAL TERM
Topical term or geographic name entry element Post-apartheid era
Geographic subdivision South Africa
-- Johannesburg
Form subdivision Pictorial works.
651 #0 - SUBJECT ADDED ENTRY--GEOGRAPHIC NAME
Geographic name Johannesburg (South Africa)
Form subdivision Pictorial works.
700 1# - ADDED ENTRY--PERSONAL NAME
Personal name Haworth-Booth, Mark.
700 1# - ADDED ENTRY--PERSONAL NAME
Personal name Danelzik-Brüggemann, Christoph.
907 ## - LOCAL DATA ELEMENT G, LDG (RLIN)
a .b10359370
b 03-09-15
c 25-08-15
942 ## - ADDED ENTRY ELEMENTS (KOHA)
Koha item type Ordinary Loan Books
Call number prefix REF TR820.5
Call number suffix GOL
Holdings
Date last seen Total Checkouts Full call number Barcode Cost, replacement price Price effective from Koha item type Lost status Source of classification or shelving scheme Damaged status Not for loan Collection Withdrawn status Home library Current library Shelving location Date acquired Cost, normal purchase price
01/23/2023   REF TR820.5 GOL 92004039432 80.00 01/23/2023 BOOKS   LCC     NFIC   MAIN MAIN GEN 01/23/2023 80.00